| 000 | 00977nam a22003017a 4500 | ||
|---|---|---|---|
| 003 | CHAP | ||
| 005 | 20220329141636.0 | ||
| 008 | 971013s1975 r 00010 d | ||
| 010 | _a71514 | ||
| 011 | _a72486 | ||
| 035 | _a82041 | ||
| 040 | _cCHAP | ||
| 090 | _aFolleto 4006 | ||
| 100 | 0 | 0 |
_aAguayo Aguilar, A. _92609 |
| 245 | _aUtilización de ensilajes de sorgo y paja de trigo como amortiguadores en praderas de Rye-grass | ||
| 260 |
_aHermosillo, Son. : _bCentro de Investigaciones Pecuarias del Estado de Sonora, _c1975 |
||
| 300 |
_a5 p. _b: ilus. |
||
| 590 |
_aBATCH-UPD _b10 _c20130110 _lUCH01 _h0454 |
||
| 590 |
_aBATCH-UPD _b10 _c20130110 _lUCH01 _h2251 |
||
| 590 |
_aCONVERSION _b10 _c20130109 _lUCH01 _h1339 |
||
| 650 | 1 | 4 |
_aEnsilaje. _937102 |
| 650 | 1 | 4 |
_aLolium multiflorum. _967504 |
| 650 | 1 | 4 |
_aPaja de Trigo. _984778 |
| 650 | 1 | 4 |
_aSorgo como forraje. _9108743 |
| 901 | _aBK | ||
| 942 | _cFOLL | ||
| 949 |
_aFolleto 4006 _bBC _cFOLL _d-35849 _eTS1 _i82041 _mD. _si |
||
| 999 |
_c71514 _d71514 |
||